| 000 | 01481nam a22002895i 4500 | ||
|---|---|---|---|
| 001 | 20281200 | ||
| 003 | NUST | ||
| 005 | 20221006110812.0 | ||
| 008 | 180116s2018 nyu 000 0 eng | ||
| 010 | _a 2018931502 | ||
| 020 | _a9789811079641 | ||
| 040 |
_aDLC _beng _erda _cDLC |
||
| 042 | _apcc | ||
| 082 | _a537.5344, CHA | ||
| 100 |
_aParkash Kumar Chaturvedi _999245 |
||
| 245 | 0 | 0 |
_aMicrowave, radar & RF engineering: _b with laboratory manual |
| 263 | _a1804 | ||
| 264 | 1 |
_aNew York, NY : _bSpringer Berlin Heidelberg, _c2018. |
|
| 300 | _axvii, 466: pages | ||
| 336 |
_atext _btxt _2rdacontent |
||
| 337 |
_aunmediated _bn _2rdamedia |
||
| 338 |
_avolume _bnc _2rdacarrier |
||
| 505 | _aIntroduction to Microwaves (Page-1), Transmission Lines, Waveguides, Strip Lines, and Stub Matching by Smith Chart (Page-19), Microwave Cavity Resonators (Page-81),Microwave Components and Their Scattering Matrices (Page-101),Microwave Tubes as Microwave Source (Oscillators) and Amplifiers (Page-151),Microwave Semiconductors Devices: Oscillators, Amplifiers, and Circuit (Page-193),Microwave Measurement: Instruments and Techniques (Page-271),Microwave Propagation in Space and Microwave Antennas (Page-297),Radar (Page-333),RF Filter Design (Page-355),RF Amplifiers, Oscillator, and Mixers (Page-401),Simple Laboratory Experiments and Laboratory Manual (Page-423). | ||
| 906 |
_a0 _bibc _corignew _d2 _eepcn _f20 _gy-gencatlg |
||
| 942 |
_2ddc _cBK |
||
| 999 |
_c591530 _d591530 |
||